[Event "Solingen 3- Elberfeld"]
[Site "?"]
[Date "2023.09.03"]
[Round "1.6"]
[White "Kniest, Oliver"]
[Black "Arold, Gerhard"]
[Result "1/2-1/2"]
[WhiteElo "2267"]
[BlackElo "2099"]
[PlyCount "100"]
[EventDate "2023.??.??"]

1. d4 Nf6 2. c4 g6 3. Nc3 d5 4. Nf3 Bg7 5. Qb3 dxc4 6. Qxc4 O-O 7. e4 Bg4 8. Be2 Nfd7 9. Be3 Nb6 10. Qd3 Nc6 11. Rd1 Bxf3 12. gxf3 e5 13. dxe5 Qxd3 14. Bxd3 Nxe5 15. Ke2 Rfd8 16. Bc2 Nec4 17. Bc1 Kf8 18. Rxd8+ Rxd8 19. Rd1 Ke8 20. Rxd8+ Kxd8 21. f4 a6 22. Nd1 Bh6 23. b3 Nd6 24. Be3 Nd7 25. Kf3 f5 26. e5 Ne8 27. b4 Bf8 28. Bd2 Ng7 29. Bb3 Ke7 30. Ne3 c6 31. Nc4 Ne6 32. Be3 c5 33. Na5 cxb4 34. Nxb7 g5 35. Nd6 Ng7 36. Ke2 gxf4 37. Bxf4 Nc5 38. Bc4 Kd7 39. Nf7 Nge6 40. Be3 f4 41. Bxc5 Nxc5 42. Ng5 Bg7 43. e6+ Ke7 44. Kf3 a5 45. Nh3 Be5 46. Nxf4 Bxf4 47. Kxf4 a4 48. Ke5 b3 49. axb3 axb3 50. Kd4 b2 1/2-1/2

[Event "Solingen 3- Elberfeld"]
[Site "?"]
[Date "2023.09.03"]
[Round "1.7"]
[White "Maenken, Merlin"]
[Black "Asadzade, Idris"]
[Result "0-1"]
[WhiteElo "1818"]
[BlackElo "2173"]
[PlyCount "150"]
[EventDate "2023.??.??"]

1. d4 d5 2. c4 e6 3. Nc3 Nf6 4. Nf3 dxc4 5. e4 b5 6. e5 Nd5 7. Nxb5 Nb6 8. Be2 Nc6 9. Be3 Be7 10. O-O O-O 11. Qc1 Rb8 12. a4 Na5 13. Qc2 Bb7 14. Rfd1 Bd5 15. Nc3 Qd7 16. Ng5 Bxg5 17. Bxg5 Bc6 18. Ra3 h6 19. Be3 Nd5 20. Nxd5 Bxd5 21. Bxh6 gxh6 22. Rg3+ Kh8 23. Qd2 f5 24. Qxa5 Rxb2 25. Bxc4 Bxc4 26. Qc5 Rfb8 27. Qxc4 Rb1 28. Qd3 Rxd1+ 29. Qxd1 Qxd4 30. Rd3 Qxe5 31. h4 Rg8 32. Rd8 Qf6 33. Rxg8+ Kxg8 34. Qd7 Qa1+ 35. Kh2 Qe5+ 36. g3 Qd6 37. Qe8+ Kg7 38. h5 e5 39. Qc8 f4 40. Qg4+ Kf6 41. Qg6+ Ke7 42. Qg7+ Kd8 43. Qg8+ Kd7 44. Qf7+ Kc6 45. Qe8+ Kc5 46. Qb5+ Kd4 47. Qb2+ Kd3 48. Qb5+ Kc2 49. Qe2+ Kc3 50. Qe1+ Kb3 51. Qb1+ Kxa4 52. Qa2+ Kb4 53. Qb2+ Kc5 54. Qc3+ Kb6 55. Qb3+ Kc6 56. Qc4+ Qc5 57. Qe4+ Kd6 58. Qg6+ Kd5 59. Qd3+ Qd4 60. Qf3+ Kd6 61. Qa3+ c5 62. Qa6+ Kd5 63. Qb7+ Kc4 64. Qa6+ Kc3 65. Qa1+ Kd3 66. Qf1+ Ke4 67. Qe2+ Kf5 68. Qc2+ e4 69. Qa2 fxg3+ 70. fxg3 e3 71. Qf7+ Ke4 72. Qe6+ Kf3 73. Qc6+ Kf2 74. Qg2+ Ke1 75. Qg1+ Kd2 0-1

[Event "Solingen 3- Elberfeld"]
[Site "?"]
[Date "2023.09.03"]
[Round "1.8"]
[White "Borchert, Stephan"]
[Black "Podder, Michael"]
[Result "1-0"]
[WhiteElo "2069"]
[BlackElo "1899"]
[PlyCount "89"]
[EventDate "2023.??.??"]

1. e4 g6 2. d4 Bg7 3. Nf3 d6 4. Bd3 c6 5. h3 b5 6. O-O Nf6 7. Re1 O-O 8. a4 bxa4 9. c4 Nfd7 10. Rxa4 c5 11. d5 a5 12. Qd2 Ne5 13. Nh2 Nxd3 14. Qxd3 Na6 15. f4 Rb8 16. e5 Bf5 17. Re4 dxe5 18. fxe5 Bxe5 19. Nc3 Bd4+ 20. Kh1 Rb3 21. Ng4 Bxe4 22. Qxe4 h5 23. Nh6+ Kh7 24. Qc2 Rb4 25. Ne4 Rxa4 26. Qxa4 Nb4 27. Ng5+ Kg7 28. Qd1 Qd6 29. Nf3 Bf6 30. Qd2 Rh8 31. b3 e6 32. Ng5 Bxg5 33. Qxg5 f6 34. Bb2 Qd8 35. dxe6 Rxh6 36. Qxc5 Rh8 37. Qa7+ Kh6 38. Qe3+ g5 39. h4 Qd1+ 40. Kh2 Rf8 41. Bxf6 Qg4 42. Bxg5+ Kh7 43. e7 Re8 44. Qb6 Qc8 45. Qh6+ 1-0

[Event "Welper- Lasker Köln"]
[Site "?"]
[Date "2023.09.03"]
[Round "1.1"]
[White "Paris, Michael"]
[Black "Schaller, Fabian"]
[Result "1-0"]
[WhiteElo "2130"]
[BlackElo "2089"]
[PlyCount "55"]
[EventDate "2023.??.??"]

1. e4 c5 2. Nf3 Nc6 3. Bb5 a6 4. Bxc6 dxc6 5. b3 Nf6 6. Qe2 Bg4 7. Bb2 Qc7 8. Qe3 Bxf3 9. Qxf3 e6 10. Qe2 O-O-O 11. d3 Be7 12. a4 Nd7 13. Nd2 Bf6 14. Bxf6 gxf6 15. O-O Rhg8 16. f4 Qd6 17. Nc4 Qd4+ 18. Qf2 Kc7 19. a5 Rg4 20. Ne3 Rg7 21. Ra4 Qb2 22. Nd1 Qb1 23. Nc3 Qb2 24. Qd2 c4 25. Ra2 Qxa2 26. Nxa2 cxb3 27. cxb3 Nc5 28. Qe3 1-0

[Event "Welper- Lasker Köln"]
[Site "?"]
[Date "2023.09.03"]
[Round "1.2"]
[White "Fuellgrabe, Thomas"]
[Black "Wiekert, Martin"]
[Result "0-1"]
[WhiteElo "2191"]
[BlackElo "2224"]
[PlyCount "84"]
[EventDate "2023.??.??"]

1. e4 e6 2. d4 d5 3. e5 c5 4. c3 Nc6 5. Nf3 Bd7 6. Be2 Nge7 7. Na3 cxd4 8. cxd4 Nf5 9. Nc2 Be7 10. O-O O-O 11. Bd3 f6 12. Bf4 Be8 13. Bxf5 exf5 14. Re1 Bh5 15. Qd3 g5 16. exf6 Bxf6 17. Be5 Be7 18. Nd2 f4 19. Nb3 b6 20. Qh3 Bg6 21. Qe6+ Rf7 22. Qxc6 Rc8 23. Qb5 Bxc2 24. Rac1 Bf8 25. Nd2 Bf5 26. Rxc8 Bxc8 27. Rc1 Bg4 28. h3 Bf5 29. Qc6 Qd7 30. Qa8 Qb7 31. Qd8 h6 32. Nf3 Qd7 33. Qa8 Qb7 34. Qd8 Qd7 35. Qa8 Qb7 36. Qxb7 Rxb7 37. Rc6 Re7 38. h4 g4 39. Nh2 Bg7 40. Bxf4 Re1+ 41. Nf1 Bxd4 42. Rc1 g3 0-1

[Event "Welper- Lasker Köln"]
[Site "?"]
[Date "2023.09.03"]
[Round "1.3"]
[White "Nagel, Bernhard"]
[Black "Kemna, Guido"]
[Result "1/2-1/2"]
[WhiteElo "2146"]
[BlackElo "2135"]
[PlyCount "95"]
[EventDate "2023.??.??"]

1. e4 c6 2. d4 d5 3. exd5 cxd5 4. Bd3 Nc6 5. c3 e5 6. dxe5 Nxe5 7. Nf3 Nxd3+ 8. Qxd3 Be7 9. O-O Nf6 10. Re1 O-O 11. Bg5 Be6 12. Nbd2 Re8 13. Nd4 Nd7 14. Bxe7 Qxe7 15. Re3 Nf8 16. Rae1 Qd7 17. f4 f6 18. Qb5 Bf7 19. N2b3 Rxe3 20. Rxe3 Re8 21. Qxd7 Nxd7 22. Kf2 a6 23. Nf5 Rxe3 24. Kxe3 b6 25. Kd4 Kf8 26. Nd6 Bg8 27. Nc1 Nb8 28. Ke3 Be6 29. c4 dxc4 30. Ne4 Ke7 31. Ne2 Nc6 32. Nd4 Nxd4 33. Kxd4 Kd7 34. Nd2 b5 35. a3 Kc6 36. Nf1 g6 37. Ne3 a5 38. h3 h5 39. h4 Kd6 40. Nc2 Bd7 41. Ne3 Bc6 42. g4 hxg4 43. Nxg4 Ke6 44. Ne3 Be8 45. Kc5 Bd7 46. Kd4 Be8 47. Kc5 Bd7 48. Kd4 1/2-1/2

[Event "Welper- Lasker Köln"]
[Site "?"]
[Date "2023.09.03"]
[Round "1.4"]
[White "Linde, Wolfgang"]
[Black "Pfeffer, Ruprecht"]
[Result "0-1"]
[WhiteElo "2022"]
[BlackElo "2233"]
[PlyCount "66"]
[EventDate "2023.??.??"]

1. d4 Nf6 2. Nf3 g6 3. c4 Bg7 4. e3 O-O 5. Be2 d5 6. cxd5 Nxd5 7. e4 Nb6 8. O-O Bg4 9. Nbd2 Nc6 10. d5 Na5 11. Rb1 c5 12. h3 Bd7 13. b3 e6 14. Nc4 Nbxc4 15. bxc4 exd5 16. cxd5 Re8 17. e5 Bf5 18. Rb5 b6 19. g4 Be4 20. Qa4 Bxf3 21. Bxf3 Bxe5 22. Rd1 Qf6 23. Kg2 Rad8 24. g5 Qe7 25. Bd2 Kf8 26. Qh4 Kg8 27. Bxa5 bxa5 28. Rxa5 Rb8 29. Ra4 Bd4 30. Qf4 Rb2 31. Rf1 Qd7 32. Ra6 Qb5 33. Rxa7 Qxf1+ 0-1

[Event "Welper- Lasker Köln"]
[Site "?"]
[Date "2023.09.03"]
[Round "1.5"]
[White "Kloss, Henning"]
[Black "Schaller, Torsten"]
[Result "0-1"]
[WhiteElo "2190"]
[BlackElo "1976"]
[PlyCount "68"]
[EventDate "2023.??.??"]

1. Nf3 c5 2. c4 Nc6 3. Nc3 g6 4. e3 Nf6 5. d4 cxd4 6. Nxd4 Bg7 7. Be2 d6 8. O-O O-O 9. b3 Bd7 10. Bb2 a6 11. Qd2 Rc8 12. Rfd1 Nxd4 13. exd4 Qc7 14. Rac1 Qb8 15. b4 Rfe8 16. c5 d5 17. Bf3 Be6 18. a4 Red8 19. Re1 Kf8 20. b5 axb5 21. axb5 Bg4 22. Qe2 Bxf3 23. Qxf3 e6 24. Ra1 Nd7 25. Ra4 e5 26. Nxd5 Re8 27. g3 exd4 28. Rxe8+ Rxe8 29. Bxd4 Bxd4 30. Rxd4 Nxc5 31. Qf6 Qe5 32. Qxe5 Rxe5 33. Kg2 Ne6 34. Rd2 Re1 0-1

[Event "Welper- Lasker Köln"]
[Site "?"]
[Date "2023.09.03"]
[Round "1.6"]
[White "Hoettler, Alexander"]
[Black "Loseries, Uwe"]
[Result "0-1"]
[WhiteElo "1873"]
[BlackElo "2163"]
[PlyCount "164"]
[EventDate "2023.??.??"]

1. e4 c6 2. Nf3 d5 3. Nc3 Bg4 4. h3 Bxf3 5. Qxf3 Nf6 6. e5 Nfd7 7. d4 e6 8. Qg3 Qb6 9. Qd3 c5 10. Qb5 Nc6 11. dxc5 Bxc5 12. Qxb6 Bxb6 13. f4 O-O 14. Bd2 a6 15. O-O-O Rac8 16. Kb1 Ba7 17. g4 Rc7 18. Bd3 b5 19. Ne2 Rfc8 20. c3 Nc5 21. Be3 Nd7 22. Bxa7 Rxa7 23. Rc1 g5 24. fxg5 Ndxe5 25. Rcd1 Nxd3 26. Rxd3 Ne5 27. Re3 Nc4 28. Rd3 Ne5 29. Re3 Nc4 30. Rd3 Rac7 31. Nf4 Nd6 32. Nh5 Ne4 33. Nf6+ Nxf6 34. gxf6 h6 35. Re1 Rc4 36. Rf3 Kh7 37. Rg1 Kg6 38. a3 a5 39. h4 Re4 40. g5 h5 41. Rh1 Rcc4 42. Rfh3 Rg4 43. R1h2 Rcf4 44. Kc2 Kf5 45. Kd3 e5 46. Ke3 Ke6 47. Kd3 b4 48. axb4 axb4 49. Ke3 b3 50. Kd3 Re4 51. Rh1 Rg2 52. R1h2 Ree2 53. Rxg2 Rxg2 54. c4 d4 55. Rf3 Rxb2 56. g6 Rg2 57. g7 b2 58. Rf1 Kd6 59. Rb1 Ke6 60. Rxb2 Rg3+ 61. Ke2 Kxf6 62. Kf2 Rxg7 63. Rb6+ Kf5 64. c5 f6 65. Rd6 Rc7 66. c6 e4 67. Rd5+ Kf4 68. Rxd4 Rxc6 69. Ra4 Rc2+ 70. Ke1 f5 71. Ra5 Rh2 72. Ra4 Rxh4 73. Kf2 Rh2+ 74. Kg1 Rb2 75. Rc4 h4 76. Ra4 Kf3 77. Ra1 e3 78. Ra4 f4 79. Ra1 Kg3 80. Kh1 f3 81. Rg1+ Rg2 82. Rf1 Rh2+ 0-1

[Event "Welper- Lasker Köln"]
[Site "?"]
[Date "2023.09.03"]
[Round "1.7"]
[White "Fohler, Claus"]
[Black "Conrad, Joachim"]
[Result "1-0"]
[WhiteElo "2257"]
[BlackElo "1974"]
[PlyCount "103"]
[EventDate "2023.??.??"]

1. d4 d6 2. Nc3 e5 3. Nf3 exd4 4. Nxd4 Nf6 5. e4 c6 6. Bg5 Be7 7. Qd2 Nbd7 8. Nf5 O-O 9. O-O-O Nc5 10. Nxe7+ Qxe7 11. f3 Rd8 12. Qf4 Ne6 13. Bxf6 Qxf6 14. Qxf6 gxf6 15. g3 Nc7 16. Rd2 Be6 17. Bg2 Rd7 18. Rhd1 Rad8 19. f4 f5 20. Bh3 fxe4 21. Bxe6 e3 22. Bxf7+ Kxf7 23. Rd3 Re7 24. Ne2 d5 25. Nd4 Kf6 26. b4 Re4 27. c3 a5 28. bxa5 c5 29. Nc2 d4 30. Nxe3 Nb5 31. c4 Nc7 32. Ng4+ Kf5 33. Ne5 Ra8 34. Ra3 Re3 35. Rxe3 dxe3 36. Re1 Rxa5 37. Rxe3 Rxa2 38. h3 Ne6 39. Nd7 Nd4 40. Nxc5 Rc2+ 41. Kd1 Rxc4 42. Nxb7 Rc6 43. Re5+ Kf6 44. Nc5 Nf3 45. Ne4+ Kg6 46. Rd5 Ng1 47. h4 Ra6 48. f5+ Kg7 49. f6+ Kf8 50. Rd8+ Kf7 51. Rd7+ Ke6 52. Re7+ 1-0

[Event "Welper- Lasker Köln"]
[Site "?"]
[Date "2023.09.03"]
[Round "1.8"]
[White "Sondermann, Dirk"]
[Black "Senay, Baris"]
[Result "0-1"]
[WhiteElo "1874"]
[BlackElo "1998"]
[PlyCount "134"]
[EventDate "2023.??.??"]

1. d4 Nf6 2. Nf3 d5 3. c4 e6 4. g3 c6 5. Bg2 Nbd7 6. O-O dxc4 7. Qc2 Be7 8. Qxc4 O-O 9. Nc3 Qa5 10. Qa4 Qxa4 11. Nxa4 b5 12. Nc3 b4 13. Nb1 Ba6 14. Re1 Rac8 15. a3 bxa3 16. Nxa3 c5 17. Nc2 Bb7 18. Bd2 Rfd8 19. Bc3 Be4 20. Na3 a6 21. Red1 Nd5 22. Ba5 Re8 23. Ne5 Bxg2 24. Kxg2 Nxe5 25. dxe5 Rb8 26. Nc4 Nb4 27. Rd2 Nc6 28. Bc3 Ra8 29. Nb6 Ra7 30. e3 Rb8 31. Na4 h6 32. Rad1 Nb4 33. Rd7 Rab7 34. Rxb7 Rxb7 35. Kf3 Nc6 36. Ke2 Kf8 37. Be1 Nxe5 38. Rc1 Nd7 39. Bc3 f6 40. Ra1 Ke8 41. Kd3 Bd6 42. f4 Kd8 43. Kc4 Kc7 44. Ba5+ Kc6 45. Ra2 Rb8 46. b3 g5 47. Bc3 Rg8 48. Rc2 gxf4 49. exf4 e5 50. fxe5 Rg4+ 51. Kd3 fxe5 52. Bd2 h5 53. Rc4 Nf6 54. Be3 Rxc4 55. Kxc4 Ng4 56. Bg1 e4 57. h3 Ne5+ 58. Kc3 Nf3 59. Bf2 Ng5 60. h4 Ne6 61. Kc4 e3 62. Be1 Ng7 63. Nc3 Nf5 64. Ne4 Be7 65. Ba5 Nd4 66. b4 cxb4 67. Kd3 e2 0-1

[Event "Welper- Solingen 3"]
[Site "?"]
[Date "2023.09.24"]
[Round "2.1"]
[White "Zolfagharian, Kevin"]
[Black "Sohlmann, Jan- Henning"]
[Result "1-0"]
[WhiteElo "2233"]
[BlackElo "2244"]
[PlyCount "143"]
[EventDate "2023.??.??"]

1. Nf3 Nf6 2. g3 g6 3. Bg2 Bg7 4. O-O O-O 5. d4 d6 6. c4 Nbd7 7. Nc3 e5 8. e4 exd4 9. Nxd4 Re8 10. h3 a6 11. Be3 Rb8 12. Qc2 Ne5 13. b3 c5 14. Nde2 b5 15. Rad1 Qc7 16. f4 Ned7 17. cxb5 axb5 18. Qd3 b4 19. Nb5 Rxb5 20. Qxb5 Nxe4 21. g4 f5 22. Bxe4 Rxe4 23. Qd3 Qc6 24. Kf2 fxg4 25. Qxd6 Qxd6 26. Rxd6 gxh3 27. Rfd1 Nf8 28. Ng3 Re7 29. Bxc5 Rf7 30. Rd8 Rxf4+ 31. Ke3 Rg4 32. Rxc8 Rxg3+ 33. Ke4 h2 34. Rh1 Rg2 35. Bd6 Rxa2 36. Rxh2 Ra7 37. Rf2 Rf7 38. Rxf7 Kxf7 39. Bxb4 Nd7 40. Bd2 Bf6 41. b4 h5 42. b5 h4 43. Bf4 g5 44. Bc7 Ke6 45. Bd8 Nc5+ 46. Rxc5 Bxd8 47. Rd5 Bc7 48. Rxg5 h3 49. Rh5 h2 50. Rh6+ Kf7 51. Kf3 Kg7 52. Rh3 Kf6 53. Kg2 Ke6 54. Rd3 Ke7 55. Rd1 Ke6 56. Kf3 Bb6 57. Kg3 Bc7+ 58. Kg2 Ke7 59. Rb1 Kd7 60. b6 Be5 61. Rc1 Bf4 62. Rc4 Be5 63. Rc5 Bf4 64. Rc3 Be5 65. Rc1 Bf4 66. b7 Bc7 67. Kf3 Bb8 68. Kg2 Bc7 69. Rc4 Kd8 70. Rd4+ Ke7 71. Rb4 Bb8 72. Rc4 1-0

[Event "Welper- Solingen 3"]
[Site "?"]
[Date "2023.09.24"]
[Round "2.2"]
[White "Bastians, Felix"]
[Black "Michalczak, Thomas"]
[Result "1-0"]
[WhiteElo "2198"]
[BlackElo "2187"]
[PlyCount "97"]
[EventDate "2023.??.??"]

1. Nf3 d5 2. c4 d4 3. e3 Nc6 4. exd4 Nxd4 5. Nxd4 Qxd4 6. Be2 e5 7. Nc3 c6 8. d3 Bf5 9. Be3 Qd6 10. Qb3 Qb4 11. O-O Nf6 12. d4 Qxb3 13. axb3 exd4 14. Bxd4 a6 15. Bf3 O-O-O 16. Be3 Bc2 17. Rfc1 Bxb3 18. Ne2 Bb4 19. Nd4 Rxd4 20. Bxd4 Bd2 21. Rcb1 Bxc4 22. Rd1 Bh6 23. Re1 Nd5 24. Re4 Bd3 25. Re5 f6 26. Re6 Bf5 27. Bxd5 Rd8 28. Bb6 cxd5 29. Re7 Rd6 30. Bd4 Rd7 31. Re8+ Kc7 32. Ra5 Bd2 33. Rc5+ Kd6 34. Rcc8 Bb4 35. Ba7 d4 36. Bxd4 Kd5 37. Be3 a5 38. Rc1 Bd3 39. f3 a4 40. Kf2 a3 41. bxa3 Bxa3 42. Rc3 Bg6 43. Re4 Bd6 44. Rd4+ Ke6 45. Rb3 Bf7 46. Rb6 g5 47. g3 h6 48. Rd2 Ke5 49. f4+ 1-0

[Event "Welper- Solingen 3"]
[Site "?"]
[Date "2023.09.24"]
[Round "2.3"]
[White "Kniest, Oliver"]
[Black "Schaller, Fabian"]
[Result "1-0"]
[WhiteElo "2244"]
[BlackElo "2074"]
[PlyCount "83"]
[EventDate "2023.??.??"]

1. d4 e6 2. c4 Nf6 3. Nc3 c5 4. d5 exd5 5. cxd5 d6 6. e4 g6 7. f4 Bg7 8. Nf3 O-O 9. Be2 b5 10. e5 dxe5 11. fxe5 Ng4 12. Bg5 Qa5 13. O-O Nxe5 14. d6 Nbc6 15. Nxe5 Nxe5 16. Be7 Bd7 17. Bxf8 Rxf8 18. Ne4 Qb4 19. Nf6+ Bxf6 20. Rxf6 Qxb2 21. Rb1 Qd4+ 22. Qxd4 cxd4 23. Bxb5 Bf5 24. Rd1 Kg7 25. Rxf5 gxf5 26. Rxd4 Rd8 27. d7 Kf6 28. Ra4 a5 29. Rxa5 Nxd7 30. Ra6+ Ke5 31. Ra7 Nf6 32. Re7+ Kf4 33. g3+ Kg5 34. Re2 Rd1+ 35. Kg2 Ne4 36. a4 Ra1 37. Bd7 Nc3 38. Rf2 Nxa4 39. Bxf5 h6 40. Bc2 h5 41. h4+ Kh6 42. Rxf7 1-0

[Event "Welper- Solingen 3"]
[Site "?"]
[Date "2023.09.24"]
[Round "2.4"]
[White "Fuellgrabe, Thomas"]
[Black "Asadzade, Idris"]
[Result "1/2-1/2"]
[WhiteElo "2182"]
[BlackElo "2203"]
[PlyCount "98"]
[EventDate "2023.??.??"]

1. e4 e6 2. d4 d5 3. e5 c5 4. c3 Nc6 5. Nf3 Nge7 6. Na3 Nf5 7. Nc2 Be7 8. Bd3 c4 9. Bxf5 exf5 10. h4 h6 11. Bf4 Be6 12. b4 Nb8 13. a4 Nd7 14. a5 Nf8 15. Qd2 Ng6 16. g3 Qd7 17. h5 Nxf4 18. gxf4 O-O-O 19. Ke2 Rdg8 20. Rag1 g6 21. Rg3 Qe8 22. Qc1 Qa4 23. Rhg1 g5 24. fxg5 f4 25. R3g2 Bh3 26. g6 Bxg2 27. Rxg2 fxg6 28. hxg6 Rg7 29. Nce1 Rf8 30. Rg4 Qe8 31. Qb1 h5 32. Rg1 Kb8 33. Rh1 Rxg6 34. Rxh5 Qf7 35. Rh1 Qg7 36. Qc2 Qf7 37. Qa4 Bd8 38. Kf1 a6 39. Nc2 Qf5 40. Nce1 Rfg8 41. Qc2 Qe6 42. Rh5 Rf8 43. Qa4 Rgg8 44. Rh7 Rh8 45. Qd7 Qc6 46. Rg7 Rhg8 47. Rh7 Rh8 48. Rg7 Rhg8 49. Rh7 Rh8 1/2-1/2

[Event "Welper- Solingen 3"]
[Site "?"]
[Date "2023.09.24"]
[Round "2.5"]
[White "Borchert, Stephan"]
[Black "Linde, Wolfgang"]
[Result "0-1"]
[WhiteElo "2063"]
[BlackElo "2029"]
[PlyCount "88"]
[EventDate "2023.??.??"]

1. e4 e5 2. Nf3 Nc6 3. Bb5 a6 4. Ba4 Nf6 5. O-O Be7 6. Re1 b5 7. Bb3 d6 8. c3 O-O 9. h3 Nb8 10. d4 Nbd7 11. Nbd2 Bb7 12. Bc2 c5 13. d5 c4 14. Nf1 Qc7 15. Ng3 g6 16. Bh6 Rfb8 17. Qd2 a5 18. Nf5 Bd8 19. g4 Bc8 20. Ng5 b4 21. Ne3 Ba6 22. Ba4 Nc5 23. Bc6 Ra7 24. cxb4 Rxb4 25. Nd1 Qb6 26. Re3 Bb7 27. Bxb7 Rxb7 28. Rc1 Nd3 29. Rc2 Nxb2 30. Nxb2 Rxb2 31. Rxb2 Qxb2 32. Qxb2 Rxb2 33. Rc3 Bb6 34. Rf3 Bd8 35. Rc3 Nd7 36. Rxc4 Nc5 37. Nf3 f6 38. Be3 Bb6 39. g5 Rxa2 40. gxf6 Ra4 41. Bxc5 Rxc4 42. Bxb6 a4 43. Bd8 a3 44. Ng5 a2 0-1

[Event "Welper- Solingen 3"]
[Site "?"]
[Date "2023.09.24"]
[Round "2.6"]
[White "Hoettler, Alexander"]
[Black "Peschel, Andreas"]
[Result "1-0"]
[WhiteElo "1885"]
[BlackElo "2036"]
[PlyCount "111"]
[EventDate "2023.??.??"]

1. e4 g6 2. d4 Bg7 3. Nc3 c6 4. Be3 d5 5. Qd2 dxe4 6. Nxe4 Nf6 7. Nxf6+ exf6 8. Bc4 a5 9. a4 Na6 10. Ne2 O-O 11. h4 Qe7 12. c3 Be6 13. Bd3 Rfd8 14. h5 c5 15. O-O cxd4 16. Bxd4 Nc5 17. Bc2 Nb3 18. Bxb3 Bxb3 19. Rfe1 Qd7 20. h6 Bf8 21. Qf4 Qd6 22. Qxf6 Qxf6 23. Bxf6 Re8 24. Nd4 Bxa4 25. Rxe8 Bxe8 26. Bg5 Ra6 27. Be3 Bd7 28. Nb3 b6 29. Nd2 Be6 30. Ne4 Be7 31. Bd4 f5 32. Nf6+ Kf7 33. Nxh7 Ra8 34. f4 b5 35. Ng5+ Bxg5 36. fxg5 Kg8 37. Re1 Re8 38. Re5 Bd7 39. Rd5 Re7 40. Bf6 Rf7 41. c4 bxc4 42. Rxa5 Bc6 43. Ra6 Bb7 44. Rd6 Rh7 45. Bg7 Be4 46. Rd7 Bd3 47. Kf2 f4 48. Kf3 Bf1 49. Kxf4 Bxg2 50. Ke5 Bh3 51. Rb7 Bg2 52. Re7 Bc6 53. Kf6 c3 54. Rf7 Rxg7 55. hxg7 Kh7 56. Rf8 1-0

[Event "Welper- Solingen 3"]
[Site "?"]
[Date "2023.09.24"]
[Round "2.7"]
[White "Blasek, Ralph"]
[Black "Conrad, Joachim"]
[Result "1/2-1/2"]
[WhiteElo "2181"]
[BlackElo "1976"]
[PlyCount "71"]
[EventDate "2023.??.??"]

1. e4 d6 2. d4 Nf6 3. Nc3 e5 4. dxe5 dxe5 5. Qxd8+ Kxd8 6. Bc4 Ke8 7. Nf3 Bd6 8. O-O a6 9. a4 Nbd7 10. h3 Nc5 11. Ng5 Rf8 12. f4 Be6 13. Nxe6 Nxe6 14. f5 Nd4 15. Bd3 Nd7 16. Be3 f6 17. Rf2 Nc6 18. Nd5 Rc8 19. c3 Ne7 20. Bc4 Nc5 21. Rf3 Nxe4 22. Re1 Bc5 23. Nxe7 Kxe7 24. Bxc5+ Nxc5 25. Rg3 g6 26. fxg6 hxg6 27. Rxg6 Ne6 28. Bxe6 Kxe6 29. Rg7 Rf7 30. Rxf7 Kxf7 31. Rd1 Ke7 32. Kf2 Rh8 33. Kg3 Rg8+ 34. Kf3 Rh8 35. Kg3 Rg8+ 36. Kf3 1/2-1/2

[Event "Welper- Solingen 3"]
[Site "?"]
[Date "2023.09.24"]
[Round "2.8"]
[White "Sondermann, Dirk"]
[Black "Auer, Martin"]
[Result "0-1"]
[WhiteElo "1865"]
[BlackElo "2218"]
[PlyCount "72"]
[EventDate "2023.??.??"]

1. d4 g6 2. c4 Nf6 3. Nf3 Bg7 4. Nc3 O-O 5. e4 d6 6. Be2 Nbd7 7. O-O e5 8. dxe5 dxe5 9. Qc2 c6 10. Rd1 Qe7 11. Na4 b6 12. Nd2 Rd8 13. b3 Bb7 14. Bb2 Nf8 15. Nf3 N6d7 16. Bf1 f6 17. g3 Ne6 18. Bg2 Rac8 19. Qe2 Re8 20. Bh3 Rcd8 21. Rab1 Bc8 22. Bc1 Ndf8 23. Be3 Nf4 24. gxf4 Bxh3 25. Rxd8 Rxd8 26. fxe5 fxe5 27. Bg5 Bf6 28. Qe3 Bg4 29. Bxf6 Qxf6 30. Kg2 Ne6 31. Ne1 Rf8 32. Rb2 Ng5 33. Nc3 Nf3 34. Kg3 Qh4+ 35. Kg2 Qxh2+ 36. Kf1 Qg1+ 0-1

[Event "Dinslaken- Brackel 2"]
[Site "?"]
[Date "2023.09.24"]
[Round "2.1"]
[White "Korten, Lando"]
[Black "Sonnenschein, Philipp"]
[Result "1/2-1/2"]
[WhiteElo "2148"]
[BlackElo "2186"]
[PlyCount "157"]
[EventDate "2023.??.??"]

1. d4 Nf6 2. c4 e6 3. Nc3 Bb4 4. e3 O-O 5. Nge2 c6 6. a3 Ba5 7. c5 d5 8. cxd6 Qxd6 9. b4 Bc7 10. Bb2 e5 11. Qc2 Nbd7 12. Rd1 Qe7 13. Ng3 Nb6 14. dxe5 Bxe5 15. Nf5 Qe6 16. Bd3 g6 17. Ng3 Nbd5 18. O-O Nxc3 19. Bxc3 Nd5 20. Bc4 Bxc3 21. Bxd5 Qe5 22. Rd3 Bxb4 23. f4 Qe7 24. axb4 cxd5 25. f5 Rd8 26. Qc3 b6 27. e4 Ba6 28. fxg6 hxg6 29. Nf5 Qf8 30. Qf6 Bxd3 31. Rf3 Be2 32. Rh3 Bh5 33. g4 Kh7 34. Qg5 Rd6 35. Nxd6 Qxd6 36. gxh5 Kg7 37. h6+ Kh7 38. Rf3 Rf8 39. exd5 f6 40. Qd2 Re8 41. Rc3 Re5 42. Rc6 Qd7 43. Rxf6 Rxd5 44. Qf4 Rd1+ 45. Kf2 Qd4+ 46. Qxd4 Rxd4 47. b5 Kxh6 48. Rf7 Rb4 49. Rxa7 Rxb5 50. Kg3 Rb3+ 51. Kg4 Rb4+ 52. Kg3 Kg5 53. Kf3 Rb3+ 54. Ke4 Rb2 55. Rh7 Rb4+ 56. Ke5 Rh4 57. Rb7 Rxh2 58. Rxb6 Re2+ 59. Kd4 Kf5 60. Rb1 g5 61. Kd3 Re8 62. Rf1+ Kg4 63. Rg1+ Kh5 64. Rh1+ Kg6 65. Rg1 Re7 66. Kd4 Re6 67. Kd3 Re5 68. Kd4 Re2 69. Kd3 Ra2 70. Ke3 Kf5 71. Kf3 Ra3+ 72. Kg2 Kg4 73. Kh2+ Kh4 74. Rb1 Ra2+ 75. Kg1 g4 76. Rb3 Rc2 77. Ra3 g3 78. Ra8 Kh3 79. Rh8+ 1/2-1/2

[Event "Dinslaken- Brackel 2"]
[Site "?"]
[Date "2023.09.24"]
[Round "2.2"]
[White "Sielecki, Christof"]
[Black "Garbuz, Vitaliy"]
[Result "1/2-1/2"]
[WhiteElo "2416"]
[BlackElo "2164"]
[PlyCount "87"]
[EventDate "2023.??.??"]

1. e4 c5 2. Nf3 Nc6 3. Bb5 g6 4. O-O Bg7 5. Re1 e5 6. Bxc6 dxc6 7. d3 Qe7 8. a3 Nf6 9. b4 O-O 10. bxc5 Qxc5 11. a4 Rd8 12. Ba3 Qa5 13. Nbd2 Qc7 14. a5 Nh5 15. Qb1 Nf4 16. Qb4 Ne6 17. Nc4 Nd4 18. Nxd4 Rxd4 19. Qe7 Qxe7 20. Bxe7 Rd7 21. Bc5 f6 22. f3 Bf8 23. Bxf8 Kxf8 24. Rf1 Rd4 25. f4 exf4 26. Rxf4 Kg7 27. Raf1 Be6 28. Rxf6 Bxc4 29. dxc4 Rxe4 30. Rf7+ Kh6 31. Rxb7 Rd8 32. Rxa7 Rd2 33. Raf7 Rxc4 34. R7f2 Rxf2 35. Rxf2 Rc5 36. a6 Ra5 37. Rf7 Rxa6 38. Rc7 Kg5 39. Kf2 h5 40. Ke3 h4 41. Kd2 Ra1 42. Ke2 h3 43. gxh3 Rh1 44. Rxc6 1/2-1/2

[Event "Dinslaken- Brackel 2"]
[Site "?"]
[Date "2023.09.24"]
[Round "2.3"]
[White "Wuebker, Paul"]
[Black "Ossig, Rainer"]
[Result "1-0"]
[WhiteElo "2224"]
[BlackElo "2175"]
[PlyCount "77"]
[EventDate "2023.??.??"]

1. d4 d5 2. c4 e6 3. Nf3 Nf6 4. Nc3 h6 5. Qc2 Nbd7 6. Bf4 dxc4 7. e4 a6 8. Bxc4 b5 9. Be2 Bb7 10. Rc1 c5 11. d5 exd5 12. e5 Ne4 13. Nxe4 dxe4 14. Nd2 Be7 15. Nxe4 O-O 16. O-O Qc7 17. Nd6 Bxd6 18. exd6 Qc6 19. Bf3 Qb6 20. Qf5 Bxf3 21. Qxd7 Bd5 22. Qf5 Bxa2 23. Rxc5 Be6 24. Qh5 g6 25. Qe5 Kh7 26. Be3 Rad8 27. Rd1 Qb8 28. Qf4 Rh8 29. Qxh6+ Kg8 30. Qf4 Rh7 31. h4 Rd7 32. h5 Qe8 33. Qf6 Qd8 34. Bg5 Rxh5 35. Qxd8+ Rxd8 36. Bxd8 Rxc5 37. d7 f5 38. Be7 Bxd7 39. Bxc5 1-0

[Event "Dinslaken- Brackel 2"]
[Site "?"]
[Date "2023.09.24"]
[Round "2.4"]
[White "Graeber, Ralf"]
[Black "Kracht, Raphael"]
[Result "0-1"]
[WhiteElo "2173"]
[BlackElo "2177"]
[PlyCount "104"]
[EventDate "2023.??.??"]

1. d4 Nf6 2. Nc3 d5 3. Bf4 c5 4. e3 cxd4 5. exd4 a6 6. Nf3 Bg4 7. h3 Bxf3 8. Qxf3 Nc6 9. O-O-O e6 10. g4 Be7 11. g5 Nd7 12. Qg3 Rc8 13. h4 b5 14. Kb1 b4 15. Ne2 a5 16. Nc1 Qb6 17. Qe3 a4 18. h5 Na5 19. Rh3 Nc4 20. Bxc4 Rxc4 21. g6 Bf6 22. Qf3 fxg6 23. hxg6 h6 24. Be5 Rf8 25. Bxf6 Rxf6 26. Qg4 Ne5 27. Qh5 Rf5 28. Qxf5 exf5 29. Re3 Rxd4 30. Rxe5+ Kd7 31. Nd3 Qxg6 32. c3 Rxd3 33. Rxd3 Qg1+ 34. Kc2 Qxf2+ 35. Kd1 Qf1+ 36. Kc2 b3+ 37. axb3 axb3+ 38. Kd2 Qf2+ 39. Re2 Qf4+ 40. Ke1 Qh4+ 41. Kf1 Qh1+ 42. Kf2 Kc6 43. Rde3 f4 44. Re8 Qh4+ 45. Kf1 f3 46. R2e7 Qh1+ 47. Kf2 Qg2+ 48. Ke3 Qe2+ 49. Kd4 Qd2+ 50. Ke5 Qe3+ 51. Kf5 Qg5+ 52. Ke6 Qf6# 0-1